[Event "Montreal Masters 2nd"]
[Site "Montreal CAN"]
[Date "2005.03.07"]
[Round "1"]
[White "Barbeau, Sylvain"]
[Black "Prahov, Valentin"]
[Result "0-1"]
[WhiteElo "2395"]
[BlackElo "2224"]
[PlyCount "96"]
[GameId "2160767910965498"]
[EventDate "2005.03.07"]
[EventType "swiss (rapid)"]
[EventRounds "4"]
[EventCountry "CAN"]
[SourceTitle "EXT 2006"]
[Source "ChessBase"]
[SourceDate "2005.11.24"]
[SourceVersion "1"]
[SourceVersionDate "2005.11.24"]
[SourceQuality "1"]

1. e4 c5 2. Nf3 e6 3. d4 cxd4 4. Nxd4 Nf6 5. Bd3 Nc6 6. Nxc6 bxc6 7. O-O d5 8. Nd2 Be7 9. Qe2 O-O 10. b3 c5 11. c4 Bb7 12. cxd5 exd5 13. e5 Ne8 14. Bb2 g6 15. Kh1 Ng7 16. f4 Bc8 17. Rad1 Qa5 18. Nb1 h5 19. f5 gxf5 20. Nc3 Be6 21. Qc2 d4 22. Ne2 Qxa2 23. Nc1 Qa5 24. Bxf5 Bxf5 25. Rxf5 Nxf5 26. Qxf5 Rab8 27. Qxh5 Rb6 28. Nd3 Rg6 29. Bc1 Rb8 30. Rf1 Qa6 31. Qf5 Qe6 32. Qe4 Qg4 33. Nf4 Rxb3 34. Qa8+ Kg7 35. Nxg6 Qxg6 36. Qd5 Rb1 37. Qf3 Bg5 38. Bxg5 Rxf1+ 39. Qxf1 Qxg5 40. Qe1 Qe3 41. Qd1 Qxe5 42. Qg4+ Kf6 43. h4 Qf5 44. Qg3 d3 45. Qd6+ Kg7 46. Kh2 a5 47. g3 a4 48. Qd8 a3 0-1

[Event "Montreal Masters 2nd"]
[Site "Montreal CAN"]
[Date "2005.03.07"]
[Round "2"]
[White "Lawson, Eric"]
[Black "Bolduc, Steve"]
[Result "1/2-1/2"]
[WhiteElo "2373"]
[BlackElo "2192"]
[PlyCount "100"]
[GameId "2160767910965499"]
[EventDate "2005.03.07"]
[EventType "swiss (rapid)"]
[EventRounds "4"]
[EventCountry "CAN"]
[SourceTitle "EXT 2006"]
[Source "ChessBase"]
[SourceDate "2005.11.24"]
[SourceVersion "1"]
[SourceVersionDate "2005.11.24"]
[SourceQuality "1"]

1. d4 Nf6 2. Bg5 Ne4 3. Bf4 c5 4. f3 Qa5+ 5. c3 Nf6 6. Nd2 cxd4 7. Nb3 Qb6 8. Qxd4 Nc6 9. Qxb6 axb6 10. Be3 e5 11. Bxb6 d6 12. a3 Be6 13. Nd2 d5 14. Bf2 d4 15. cxd4 exd4 16. e4 dxe3 17. Bxe3 Nd5 18. Bf2 Be7 19. Ne2 O-O 20. Nd4 Nxd4 21. Bxd4 Rfe8 22. Bb5 Bf6 23. Bxe8 Bxd4 24. Bb5 Bxb2 25. Rb1 Bc3 26. Rb3 Ba5 27. Bc4 Re8 28. Kd1 Rd8 29. Rd3 Ne3+ 30. Rxe3 Bxc4 31. Re8+ Rxe8 32. Nxc4 Bc7 33. a4 Kf8 34. Kd2 Ke7 35. Rb1 Rb8 36. h3 Kd7 37. Kc3 Kc6 38. Re1 b5 39. axb5+ Rxb5 40. Re7 Rf5 41. Kd3 Rd5+ 42. Ke3 Rd7 43. Rxd7 Kxd7 44. f4 Ke6 45. Ke4 f5+ 46. Kf3 h6 47. Ne3 g5 48. fxg5 hxg5 49. g4 fxg4+ 50. Kxg4 Bf4 1/2-1/2

[Event "Montreal Masters 2nd"]
[Site "Montreal CAN"]
[Date "2005.03.07"]
[Round "3"]
[White "Gravel, Simon M"]
[Black "Lawson, Eric"]
[Result "1/2-1/2"]
[WhiteElo "2255"]
[BlackElo "2373"]
[PlyCount "80"]
[GameId "2160767910965500"]
[EventDate "2005.03.07"]
[EventType "swiss (rapid)"]
[EventRounds "4"]
[EventCountry "CAN"]
[SourceTitle "EXT 2006"]
[Source "ChessBase"]
[SourceDate "2005.11.24"]
[SourceVersion "1"]
[SourceVersionDate "2005.11.24"]
[SourceQuality "1"]

1. Nf3 Nf6 2. c4 b6 3. g3 Bb7 4. Bg2 e6 5. O-O Be7 6. b3 O-O 7. Bb2 c5 8. Nc3 a6 9. e3 d5 10. cxd5 Nxd5 11. Nxd5 Bxd5 12. Qe2 Bf6 13. d4 Nd7 14. Rfd1 cxd4 15. Bxd4 Qc7 16. e4 Bc6 17. Bxf6 Nxf6 18. Nd4 Bb7 19. Rac1 Qe7 20. Nc6 Qa3 21. e5 Nd5 22. Bxd5 exd5 23. Nd4 Rac8 24. Rxc8 Bxc8 25. f4 g6 26. Qd2 Bg4 27. Rc1 Rc8 28. Rxc8+ Bxc8 29. Kf2 Qc5 30. Ke3 Bf5 31. b4 Qc4 32. Nxf5 gxf5 33. Qd4 b5 34. Qc5 Qe4+ 35. Kf2 d4 36. Qd6 Qc2+ 37. Kf3 Qc3+ 38. Kg2 h5 39. e6 Qc4 40. e7 Qe2+ 1/2-1/2

[Event "Montreal Masters 3rd"]
[Site "Montreal CAN"]
[Date "2005.04.04"]
[Round "2"]
[White "Voskanyan, Vahagn"]
[Black "Barbeau, Sylvain"]
[Result "0-1"]
[WhiteElo "2257"]
[BlackElo "2395"]
[PlyCount "44"]
[GameId "2160767910968836"]
[EventDate "2005.04.04"]
[EventType "swiss"]
[EventRounds "5"]
[EventCountry "CAN"]
[SourceTitle "EXT 2006"]
[Source "ChessBase"]
[SourceDate "2005.11.24"]
[SourceVersion "1"]
[SourceVersionDate "2005.11.24"]
[SourceQuality "1"]

1. e4 e5 2. Nf3 Nc6 3. Bc4 Nf6 4. d3 Be7 5. c3 O-O 6. O-O d5 7. exd5 Nxd5 8. Re1 Bg4 9. h3 Bh5 10. g4 Bg6 11. Nxe5 Nxe5 12. Rxe5 c6 13. Bxd5 cxd5 14. Qf3 d4 15. Rd5 Qb6 16. Rxd4 Bc5 17. Rf4 Rfe8 18. Nd2 Re1+ 19. Kg2 Qa6 20. Ne4 Bb6 21. b4 Rd8 22. c4 Bd4 0-1

[Event "Montreal Masters 3rd"]
[Site "Montreal CAN"]
[Date "2005.04.04"]
[Round "3"]
[White "Barbeau, Sylvain"]
[Black "Gravel, Simon M"]
[Result "1-0"]
[WhiteElo "2395"]
[BlackElo "2255"]
[PlyCount "67"]
[GameId "2160767910968837"]
[EventDate "2005.04.04"]
[EventType "swiss"]
[EventRounds "5"]
[EventCountry "CAN"]
[SourceTitle "EXT 2006"]
[Source "ChessBase"]
[SourceDate "2005.11.24"]
[SourceVersion "1"]
[SourceVersionDate "2005.11.24"]
[SourceQuality "1"]

1. e4 Nf6 2. e5 Nd5 3. d4 d6 4. c4 Nb6 5. exd6 cxd6 6. Nc3 g6 7. Be3 Bg7 8. Rc1 O-O 9. b3 Nc6 10. d5 Ne5 11. Be2 f5 12. f4 Ng4 13. Bxg4 fxg4 14. Nge2 Nd7 15. O-O Nf6 16. Nd4 Bd7 17. Qd3 Nh5 18. g3 a6 19. Ne4 Qa5 20. Rf2 Rac8 21. Ng5 Bxd4 22. Bxd4 b5 23. Qe3 Rfe8 24. Bc3 b4 25. Bd4 Bf5 26. Re1 Qc7 27. Rfe2 Qd7 28. Qxe7 Rxe7 29. Rxe7 Qd8 30. Rxh7 Nf6 31. Rf7 Nh5 32. Ree7 a5 33. Rh7 Kf8 34. Ref7+ 1-0

[Event "Montreal Masters 3rd"]
[Site "Montreal CAN"]
[Date "2005.04.04"]
[Round "4"]
[White "Lawson, Eric"]
[Black "Barbeau, Sylvain"]
[Result "0-1"]
[WhiteElo "2373"]
[BlackElo "2395"]
[PlyCount "60"]
[GameId "2160767910968838"]
[EventDate "2005.04.04"]
[EventType "swiss"]
[EventRounds "5"]
[EventCountry "CAN"]
[SourceTitle "EXT 2006"]
[Source "ChessBase"]
[SourceDate "2005.11.24"]
[SourceVersion "1"]
[SourceVersionDate "2005.11.24"]
[SourceQuality "1"]

1. Nf3 Nf6 2. g3 g6 3. Bg2 Bg7 4. c4 O-O 5. Nc3 d5 6. cxd5 Nxd5 7. h4 h5 8. O-O Nc6 9. Qb3 Nb6 10. d3 Bg4 11. Qd1 e5 12. Bg5 Qc8 13. Ne4 f6 14. Be3 Kh7 15. Rc1 Be6 16. a3 Nd5 17. Bd2 Bg8 18. b4 f5 19. Nfg5+ Kh8 20. Nc5 f4 21. Bh3 Qe8 22. Nxb7 Nd4 23. e3 Ne6 24. exf4 exf4 25. Re1 Nxg5 26. Rxe8 Nxh3+ 27. Kg2 Raxe8 28. Kxh3 fxg3 29. fxg3 Rf2 30. Bg5 Be6+ 0-1

[Event "Montreal Masters 4th"]
[Site "Montreal CAN"]
[Date "2005.05.02"]
[Round "1"]
[White "Barbeau, Sylvain"]
[Black "Feoktistov, Dmitri"]
[Result "1/2-1/2"]
[WhiteElo "2395"]
[BlackElo "2162"]
[PlyCount "95"]
[GameId "2160767910968581"]
[EventDate "2005.05.02"]
[EventType "swiss (rapid)"]
[EventRounds "4"]
[EventCountry "CAN"]
[SourceTitle "CBM 106 Extra"]
[Source "ChessBase"]
[SourceDate "2005.07.01"]
[SourceVersion "1"]
[SourceVersionDate "2005.07.01"]
[SourceQuality "1"]

1. e4 c6 2. d4 d5 3. Nc3 dxe4 4. Nxe4 Nf6 5. Nxf6+ gxf6 6. c3 Bf5 7. Ne2 Qc7 8. Ng3 Bg6 9. h4 h5 10. Be2 Nd7 11. Nxh5 Bh6 12. Ng3 Bf4 13. Bxf4 Qxf4 14. h5 Be4 15. Nxe4 Qxe4 16. O-O O-O-O 17. Bf3 Qf5 18. Re1 e6 19. Qb1 Qg5 20. Qc1 Qf5 21. Re4 Rdg8 22. Qf4 Qxf4 23. Rxf4 f5 24. g3 Nf6 25. Rh4 Rh6 26. Kg2 Rg5 27. Rah1 Kc7 28. Kf1 Kd6 29. Ke2 Rg8 30. c4 Rg5 31. b4 Rg8 32. a4 a6 33. Ke3 Rgh8 34. Rb1 R6h7 35. b5 axb5 36. axb5 Nd7 37. bxc6 bxc6 38. Rb7 c5 39. dxc5+ Nxc5 40. Rb6+ Ke7 41. Rc6 Nd7 42. Rd4 Ne5 43. Rc7+ Kf6 44. Bd1 Ra8 45. f4 Ra3+ 46. Kd2 Nf3+ 47. Bxf3 Rxf3 48. Rd3 1/2-1/2

[Event "Montreal Masters 4th"]
[Site "Montreal CAN"]
[Date "2005.05.02"]
[Round "2"]
[White "Roussel-Roozmon, Thomas"]
[Black "Sorin, Maxime"]
[Result "1/2-1/2"]
[WhiteElo "2425"]
[BlackElo "2303"]
[PlyCount "103"]
[GameId "2160767910968582"]
[EventDate "2005.05.02"]
[EventType "swiss (rapid)"]
[EventRounds "4"]
[EventCountry "CAN"]
[SourceTitle "CBM 106 Extra"]
[Source "ChessBase"]
[SourceDate "2005.07.01"]
[SourceVersion "1"]
[SourceVersionDate "2005.07.01"]
[SourceQuality "1"]

1. e4 c5 2. Nf3 Nc6 3. Bb5 Qb6 4. Nc3 Nd4 5. a4 g6 6. O-O Bg7 7. Nxd4 cxd4 8. Ne2 a6 9. Bc4 d6 10. c3 dxc3 11. dxc3 Nf6 12. Qc2 O-O 13. Bd3 Qc7 14. Bg5 b6 15. Kh1 Bb7 16. f3 Rfe8 17. Be3 Nd7 18. Nf4 e6 19. Be2 Nf6 20. Qb3 d5 21. Qxb6 Qxb6 22. Bxb6 dxe4 23. Rad1 e5 24. Nh3 Nd5 25. Bg1 exf3 26. Bxf3 e4 27. Be2 Rac8 28. Bd4 Bh6 29. Nf2 Ne3 30. Bxe3 Bxe3 31. Ng4 Bg5 32. Rd7 Re7 33. Rxe7 Bxe7 34. Nh6+ Kg7 35. Rxf7+ Kxh6 36. Rxe7 Bc6 37. Kg1 Rd8 38. Bxa6 Rd2 39. Bb5 Ba8 40. Re8 Bb7 41. Re7 Ba8 42. b4 e3 43. Rxe3 Rxg2+ 44. Kf1 Rxh2 45. a5 Kg5 46. Bd7 Kf4 47. Re7 Be4 48. a6 Ke3 49. Rxe4+ Kxe4 50. a7 Ra2 51. Bc6+ Kd3 52. a8=Q 1/2-1/2

[Event "Montreal Masters 4th"]
[Site "Montreal CAN"]
[Date "2005.05.02"]
[Round "3"]
[White "Sorin, Maxime"]
[Black "Ross, Dave"]
[Result "1-0"]
[WhiteElo "2303"]
[BlackElo "2291"]
[PlyCount "85"]
[GameId "2160767910968583"]
[EventDate "2005.05.02"]
[EventType "swiss (rapid)"]
[EventRounds "4"]
[EventCountry "CAN"]
[SourceTitle "CBM 106 Extra"]
[Source "ChessBase"]
[SourceDate "2005.07.01"]
[SourceVersion "1"]
[SourceVersionDate "2005.07.01"]
[SourceQuality "1"]

1. e4 e6 2. d3 d5 3. Qe2 Be7 4. Nf3 c5 5. g3 Nc6 6. Bg2 Nf6 7. O-O O-O 8. e5 Nd7 9. h4 b5 10. c3 a5 11. Bf4 Ba6 12. h5 Nb6 13. h6 g6 14. Nbd2 a4 15. Rfe1 a3 16. b3 Ra7 17. Rad1 Kh8 18. Nb1 c4 19. dxc4 bxc4 20. b4 Na4 21. Bc1 Nb2 22. Bxb2 axb2 23. Qxb2 Bb5 24. Nd4 Nxd4 25. Rxd4 Bg5 26. f4 Bxh6 27. Qf2 Qa8 28. a3 Ra6 29. g4 Rg8 30. Qh4 Bf8 31. Re3 Qa7 32. Rh3 Rg7 33. Kh2 Qe7 34. g5 Qa7 35. Qh6 Qc7 36. Kh1 Ba4 37. Rd2 Be7 38. Bf3 Kg8 39. Rdh2 Qa7 40. Qxg7+ Kxg7 41. Rxh7+ Kg8 42. Rh8+ Kg7 43. R2h7# 1-0

[Event "Montreal WCT"]
[Site "Montreal CAN"]
[Date "2005.01.15"]
[Round "1"]
[White "Fedorowicz, John"]
[Black "Nataf, Igor A"]
[Result "1/2-1/2"]
[WhiteElo "2507"]
[BlackElo "2557"]
[PlyCount "39"]
[GameId "2160767911031536"]
[EventDate "2005.01.15"]
[EventType "tourn"]
[EventRounds "9"]
[EventCountry "CAN"]
[EventCategory "10"]
[SourceTitle "CBM 105"]
[Source "ChessBase"]
[SourceDate "2005.04.11"]
[SourceVersion "1"]
[SourceVersionDate "2005.04.11"]
[SourceQuality "1"]

1. e4 c5 2. Nf3 e6 3. d4 cxd4 4. Nxd4 Nf6 5. Nc3 Nc6 6. Ndb5 d6 7. Bf4 e5 8. Bg5 a6 9. Na3 b5 10. Nd5 Qa5+ 11. Bd2 Qd8 12. Bg5 Be7 13. Bxf6 Bxf6 14. c3 Bg5 15. Nc2 O-O 16. a4 bxa4 17. Rxa4 a5 18. Bb5 Ne7 19. Nxe7+ Qxe7 20. O-O 1/2-1/2

[Event "Montreal WCT"]
[Site "Montreal CAN"]
[Date "2005.01.15"]
[Round "1"]
[White "Jakovenko, Dmitrij"]
[Black "Mikhalevski, Victor"]
[Result "1-0"]
[WhiteElo "2596"]
[BlackElo "2553"]
[PlyCount "165"]
[GameId "2160767911031539"]
[EventDate "2005.01.15"]
[EventType "tourn"]
[EventRounds "9"]
[EventCountry "CAN"]
[EventCategory "10"]
[SourceTitle "CBM 105"]
[Source "ChessBase"]
[SourceDate "2005.04.11"]
[SourceVersion "1"]
[SourceVersionDate "2005.04.11"]
[SourceQuality "1"]

1. e4 e5 2. Nf3 Nc6 3. Bb5 a6 4. Ba4 Nf6 5. O-O Nxe4 6. d4 b5 7. Bb3 d5 8. dxe5 Be6 9. Be3 Be7 10. c3 Nc5 11. Bc2 Nd7 12. Re1 Ndxe5 13. Nxe5 Nxe5 14. Bd4 Ng6 15. Bxg7 Rg8 16. Bxg6 Rxg7 17. Rxe6 hxg6 18. Re2 Kf8 19. Nd2 Rh7 20. Nf3 Qd6 21. a4 Rd8 22. Qd3 Qb6 23. axb5 axb5 24. Nd4 Bf6 25. g3 Kg7 26. h4 Rhh8 27. Nxb5 Rhe8 28. Rae1 Re4 29. Na3 Rde8 30. Rxe4 dxe4 31. Qe2 e3 32. fxe3 Qd6 33. Qf3 Bxc3 34. Nb5 Qf6 35. Qxf6+ Bxf6 36. Nxc7 Rb8 37. Kg2 Be5 38. Nd5 Rxb2+ 39. Kf3 Rd2 40. Nb6 Bc7 41. Rb1 Bxb6 42. Rxb6 Rd1 43. Rb3 Ra1 44. e4 Kf6 45. Kf4 Rf1+ 46. Rf3 Re1 47. Rc3 Rf1+ 48. Rf3 Re1 49. g4 g5+ 50. hxg5+ Kg6 51. Ke5 Ra1 52. Rf5 Rb1 53. Rf6+ Kg7 54. Rf5 Kg6 55. Kd6 Rb7 56. Ke5 Rb1 57. Rf6+ Kg7 58. Rc6 Rf1 59. Ra6 Rf2 60. Rb6 Rf1 61. Rc6 Rf2 62. Rc8 Kg6 63. Rg8+ Kh7 64. Rf8 Kg7 65. Re8 Kg6 66. Kd6 Kxg5 67. Rg8+ Kh6 68. Ke7 Rf4 69. e5 Rf1 70. Rh8+ Kg7 71. Rf8 Ra1 72. Rxf7+ Kg6 73. Rf6+ Kg5 74. Rd6 Ra8 75. e6 Kg6 76. Rd7 Ra6 77. Rc7 Ra4 78. Rc8 Kg7 79. g5 Ra6 80. Kd7 Ra1 81. Ke8 Re1 82. e7 Rd1 83. Rd8 1-0

[Event "Montreal WCT"]
[Site "Montreal CAN"]
[Date "2005.01.16"]
[Round "2"]
[White "Fedorowicz, John"]
[Black "Hauchard, Arnaud"]
[Result "1/2-1/2"]
[WhiteElo "2507"]
[BlackElo "2487"]
[PlyCount "21"]
[GameId "2160767911031540"]
[EventDate "2005.01.15"]
[EventType "tourn"]
[EventRounds "9"]
[EventCountry "CAN"]
[EventCategory "10"]
[SourceTitle "CBM 105"]
[Source "ChessBase"]
[SourceDate "2005.04.11"]
[SourceVersion "1"]
[SourceVersionDate "2005.04.11"]
[SourceQuality "1"]

1. d4 d5 2. c4 c6 3. Nf3 Nf6 4. e3 Bg4 5. h3 Bxf3 6. Qxf3 e6 7. Nc3 Nbd7 8. Bd2 Bd6 9. g4 dxc4 10. Bxc4 Nd5 11. e4 1/2-1/2

[Event "Montreal WCT"]
[Site "Montreal CAN"]
[Date "2005.01.16"]
[Round "2"]
[White "Mikhalevski, Victor"]
[Black "Antonio, Rogelio"]
[Result "1/2-1/2"]
[WhiteElo "2553"]
[BlackElo "2539"]
[PlyCount "30"]
[GameId "2160767911031542"]
[EventDate "2005.01.15"]
[EventType "tourn"]
[EventRounds "9"]
[EventCountry "CAN"]
[EventCategory "10"]
[SourceTitle "CBM 105"]
[Source "ChessBase"]
[SourceDate "2005.04.11"]
[SourceVersion "1"]
[SourceVersionDate "2005.04.11"]
[SourceQuality "1"]

1. d4 Nf6 2. c4 e6 3. g3 Bb4+ 4. Nd2 c5 5. Ngf3 cxd4 6. Nxd4 Qb6 7. e3 Nc6 8. Nc2 Bxd2+ 9. Qxd2 Ne5 10. Nd4 Ne4 11. Qc2 Qb4+ 12. Bd2 Nxd2 13. Qxd2 Qxd2+ 14. Kxd2 b6 15. Be2 Bb7 1/2-1/2

[Event "Montreal WCT"]
[Site "Montreal CAN"]
[Date "2005.01.16"]
[Round "2"]
[White "Nataf, Igor A"]
[Black "Perelshteyn, Eugene"]
[Result "1/2-1/2"]
[WhiteElo "2557"]
[BlackElo "2505"]
[PlyCount "56"]
[GameId "2160767911031543"]
[EventDate "2005.01.15"]
[EventType "tourn"]
[EventRounds "9"]
[EventCountry "CAN"]
[EventCategory "10"]
[SourceTitle "CBM 105"]
[Source "ChessBase"]
[SourceDate "2005.04.11"]
[SourceVersion "1"]
[SourceVersionDate "2005.04.11"]
[SourceQuality "1"]

1. e4 e5 2. Nf3 Nc6 3. d4 exd4 4. Nxd4 Nf6 5. Nxc6 bxc6 6. e5 Qe7 7. Qe2 Nd5 8. c4 Ba6 9. b3 O-O-O 10. g3 g5 11. Bb2 Bg7 12. Nd2 Nb4 13. Nf3 Rhe8 14. Bh3 c5 15. O-O h5 16. Bg2 Bb7 17. Rfe1 f6 18. Qd2 fxe5 19. Bxe5 g4 20. Bb2 Qf8 21. Rxe8 Rxe8 22. Bxg7 Qxg7 23. Re1 Rxe1+ 24. Nxe1 Qa1 25. Qe2 Bf3 26. Bxf3 gxf3 27. Qe4 c6 28. Kf1 Qxa2 1/2-1/2

[Event "Montreal WCT"]
[Site "Montreal CAN"]
[Date "2005.01.17"]
[Round "3"]
[White "Hauchard, Arnaud"]
[Black "Nataf, Igor A"]
[Result "1/2-1/2"]
[WhiteElo "2487"]
[BlackElo "2557"]
[PlyCount "58"]
[GameId "2160767911031546"]
[EventDate "2005.01.15"]
[EventType "tourn"]
[EventRounds "9"]
[EventCountry "CAN"]
[EventCategory "10"]
[SourceTitle "CBM 105"]
[Source "ChessBase"]
[SourceDate "2005.04.11"]
[SourceVersion "1"]
[SourceVersionDate "2005.04.11"]
[SourceQuality "1"]

1. Nf3 g6 2. g3 Bg7 3. Bg2 Nf6 4. c4 d5 5. cxd5 Nxd5 6. d4 Nb6 7. O-O Nc6 8. e3 O-O 9. Nc3 Re8 10. d5 Na5 11. Nd4 Bd7 12. e4 c6 13. Re1 cxd5 14. exd5 Nac4 15. b3 Nd6 16. Bf4 Rc8 17. Qd2 Nf5 18. Nde2 h6 19. h4 h5 20. Rac1 Rc5 21. Red1 Nc8 22. Ne4 Rxc1 23. Rxc1 Ncd6 24. Nc5 Bc8 25. Nd3 Qb6 26. Be5 Bh6 27. Bf4 Bg7 28. Be5 Bh6 29. Bf4 Bg7 1/2-1/2

[Event "Montreal WCT"]
[Site "Montreal CAN"]
[Date "2005.01.18"]
[Round "5"]
[White "Antonio, Rogelio"]
[Black "Hauchard, Arnaud"]
[Result "0-1"]
[WhiteElo "2539"]
[BlackElo "2487"]
[PlyCount "76"]
[GameId "2160767911031555"]
[EventDate "2005.01.15"]
[EventType "tourn"]
[EventRounds "9"]
[EventCountry "CAN"]
[EventCategory "10"]
[SourceTitle "CBM 105"]
[Source "ChessBase"]
[SourceDate "2005.04.11"]
[SourceVersion "1"]
[SourceVersionDate "2005.04.11"]
[SourceQuality "1"]

1. e4 c5 2. Nf3 d6 3. d4 cxd4 4. Nxd4 Nf6 5. Nc3 a6 6. Be3 e5 7. Nb3 Be7 8. f3 Be6 9. Qd2 Nbd7 10. g4 Nb6 11. O-O-O Rc8 12. Kb1 O-O 13. h4 Nfd7 14. g5 f5 15. gxf6 Rxf6 16. Be2 Rf7 17. h5 Qc7 18. Rhg1 Nf6 19. Rg5 Rd8 20. Qe1 Nc4 21. Bxc4 Qxc4 22. h6 g6 23. Qg1 Kh8 24. Na5 Qc8 25. f4 Ng4 26. f5 Nxe3 27. fxe6 Nxd1 28. exf7 Nxc3+ 29. bxc3 Qe6 30. Rf5 Rf8 31. Kb2 d5 32. Qg3 Bf6 33. Rf1 Rxf7 34. exd5 Qxd5 35. Qg4 Kg8 36. Nb3 Be7 37. Rd1 Qc6 38. a4 Rf4 0-1

[Event "Montreal WCT"]
[Site "Montreal CAN"]
[Date "2005.01.19"]
[Round "6"]
[White "Nataf, Igor A"]
[Black "Mikhalevski, Victor"]
[Result "1/2-1/2"]
[WhiteElo "2557"]
[BlackElo "2553"]
[PlyCount "37"]
[GameId "2160767911031563"]
[EventDate "2005.01.15"]
[EventType "tourn"]
[EventRounds "9"]
[EventCountry "CAN"]
[EventCategory "10"]
[SourceTitle "CBM 105"]
[Source "ChessBase"]
[SourceDate "2005.04.11"]
[SourceVersion "1"]
[SourceVersionDate "2005.04.11"]
[SourceQuality "1"]

1. e4 e5 2. Nf3 Nc6 3. d4 exd4 4. Nxd4 Nf6 5. Nxc6 bxc6 6. e5 Qe7 7. Qe2 Nd5 8. c4 Ba6 9. b3 O-O-O 10. g3 g5 11. Bb2 Bg7 12. Nd2 Nb4 13. Nf3 Rhe8 14. Bh3 c5 15. O-O h5 16. Bg2 Bb7 17. Rfe1 d6 18. Qf1 Qf8 19. Rad1 1/2-1/2

[Event "Montreal WCT"]
[Site "Montreal CAN"]
[Date "2005.01.19"]
[Round "7"]
[White "Antonio, Rogelio"]
[Black "Nataf, Igor A"]
[Result "0-1"]
[WhiteElo "2539"]
[BlackElo "2557"]
[PlyCount "64"]
[GameId "2160767911031565"]
[EventDate "2005.01.15"]
[EventType "tourn"]
[EventRounds "9"]
[EventCountry "CAN"]
[EventCategory "10"]
[SourceTitle "CBM 105"]
[Source "ChessBase"]
[SourceDate "2005.04.11"]
[SourceVersion "1"]
[SourceVersionDate "2005.04.11"]
[SourceQuality "1"]

1. e4 c5 2. c3 d5 3. exd5 Qxd5 4. d4 g6 5. dxc5 Qxc5 6. Be3 Qc7 7. Na3 a6 8. Nc4 Nd7 9. a4 Ngf6 10. a5 Bg7 11. Nb6 Nxb6 12. Bxb6 Qd7 13. Be2 Nd5 14. Nf3 Nxb6 15. axb6 Qe6 16. Qa4+ Bd7 17. Qb4 O-O 18. Ng5 Qe5 19. Nf3 Qe6 20. Ng5 Qf5 21. Nf3 a5 22. Qb3 a4 23. Qb4 a3 24. Rxa3 Qb1+ 25. Bd1 Rxa3 26. bxa3 Qd3 27. Nd4 Rc8 28. Ne2 Bxc3+ 29. Nxc3 Rxc3 30. Qf4 Rc4 31. Qd2 Re4+ 32. Be2 Bb5 0-1

[Event "Montreal WCT"]
[Site "Montreal CAN"]
[Date "2005.01.19"]
[Round "7"]
[White "Perelshteyn, Eugene"]
[Black "Hauchard, Arnaud"]
[Result "1/2-1/2"]
[WhiteElo "2505"]
[BlackElo "2487"]
[PlyCount "79"]
[GameId "2160767911031569"]
[EventDate "2005.01.15"]
[EventType "tourn"]
[EventRounds "9"]
[EventCountry "CAN"]
[EventCategory "10"]
[SourceTitle "CBM 105"]
[Source "ChessBase"]
[SourceDate "2005.04.11"]
[SourceVersion "1"]
[SourceVersionDate "2005.04.11"]
[SourceQuality "1"]

1. e4 e5 2. Nf3 Nf6 3. Nxe5 d6 4. Nf3 Nxe4 5. Nc3 Nxc3 6. dxc3 Be7 7. Be3 Nc6 8. Qd2 Ne5 9. O-O-O Nxf3 10. gxf3 Be6 11. Rg1 Bf6 12. Bd4 Kf8 13. Be3 Qd7 14. a3 Re8 15. Bd4 Qd8 16. Bb5 c6 17. Bxf6 Qxf6 18. Qxd6+ Kg8 19. Bc4 g6 20. Rge1 Kg7 21. Bxe6 fxe6 22. Qc7+ Re7 23. Rd7 Rhe8 24. Qxb7 Rxd7 25. Qxd7+ Re7 26. Qxc6 Qf4+ 27. Kb1 Qxh2 28. Qc5 Kf7 29. Rd1 Qf4 30. Rd8 h5 31. Rh8 Kg7 32. Ra8 Rf7 33. Rxa7 h4 34. Ra8 h3 35. Qc8 Rf8 36. Qd7+ Qf7 37. Qd4+ Qf6 38. Qd7+ Qf7 39. Qd4+ Qf6 40. Qd7+ 1/2-1/2

[Event "Montreal WCT"]
[Site "Montreal CAN"]
[Date "2005.01.20"]
[Round "8"]
[White "Fedorowicz, John"]
[Black "Mikhalevski, Victor"]
[Result "1/2-1/2"]
[WhiteElo "2507"]
[BlackElo "2553"]
[PlyCount "29"]
[GameId "2160767911031571"]
[EventDate "2005.01.15"]
[EventType "tourn"]
[EventRounds "9"]
[EventCountry "CAN"]
[EventCategory "10"]
[SourceTitle "CBM 105"]
[Source "ChessBase"]
[SourceDate "2005.04.11"]
[SourceVersion "1"]
[SourceVersionDate "2005.04.11"]
[SourceQuality "1"]

1. d4 Nf6 2. Nf3 g6 3. Bg5 Bg7 4. c3 O-O 5. Nbd2 d5 6. e3 Nbd7 7. Bd3 Re8 8. O-O e5 9. dxe5 Nxe5 10. Nxe5 Rxe5 11. Nf3 Re8 12. h3 c6 13. Qc2 Qb6 14. Nd2 Be6 15. Rfe1 1/2-1/2

[Event "Montreal WCT"]
[Site "Montreal CAN"]
[Date "2005.01.21"]
[Round "9"]
[White "Mikhalevski, Victor"]
[Black "Hauchard, Arnaud"]
[Result "1-0"]
[WhiteElo "2553"]
[BlackElo "2487"]
[PlyCount "73"]
[GameId "2160767911031577"]
[EventDate "2005.01.15"]
[EventType "tourn"]
[EventRounds "9"]
[EventCountry "CAN"]
[EventCategory "10"]
[SourceTitle "CBM 105"]
[Source "ChessBase"]
[SourceDate "2005.04.11"]
[SourceVersion "1"]
[SourceVersionDate "2005.04.11"]
[SourceQuality "1"]

1. d4 d5 2. c4 c6 3. Nf3 Nf6 4. Nc3 a6 5. c5 Bf5 6. Bf4 e6 7. e3 Nbd7 8. Be2 Be7 9. Nd2 h6 10. Rc1 O-O 11. O-O Re8 12. Bg3 Bf8 13. b4 e5 14. Nf3 e4 15. Nd2 g6 16. Nb3 h5 17. a4 Bh6 18. Na5 Ra7 19. Bxa6 Rxa6 20. Nxb7 Qa8 21. Nd6 Bg4 22. Qc2 Rb8 23. b5 Ra5 24. Qd2 Ra7 25. Rb1 Be6 26. b6 Ra5 27. b7 Qa6 28. Na2 Rxa4 29. Nb4 Rxb7 30. Nxa6 Rxb1 31. Rxb1 Rxa6 32. Qb2 g5 33. Nc8 h4 34. Bd6 h3 35. Ra1 Rxa1+ 36. Qxa1 hxg2 37. Kxg2 1-0